Data Communication and Networks (Record no. 8455)

MARC details
000 -LEADER
fixed length control field 00484nam a22001817a 4500
003 - CONTROL NUMBER IDENTIFIER
control field OSt
005 - DATE AND TIME OF LATEST TRANSACTION
control field 20200219103129.0
008 - FIXED-LENGTH DATA ELEMENTS--GENERAL INFORMATION
fixed length control field 200219b ||||| |||| 00| 0 eng d
020 ## - INTERNATIONAL STANDARD BOOK NUMBER
International Standard Book Number 9780071077705
040 ## - CATALOGING SOURCE
Transcribing agency KIRTI PRAKASHAN NEW DELHI
082 ## - DEWEY DECIMAL CLASSIFICATION NUMBER
Classification number 004.6 GOD
100 ## - MAIN ENTRY--PERSONAL NAME
Personal name Godbole, Achyut & Kahate, Atul
245 ## - TITLE STATEMENT
Title Data Communication and Networks
250 ## - EDITION STATEMENT
Edition statement 2nd
260 ## - PUBLICATION, DISTRIBUTION, ETC. (IMPRINT)
Place of publication, distribution, etc New Delhi
Name of publisher, distributor, etc McGraw Hill Education
300 ## - PHYSICAL DESCRIPTION
Other physical details Pg. 540
Dimensions 47 x 5.6 x 61.5 cm
942 ## - ADDED ENTRY ELEMENTS (KOHA)
Source of classification or shelving scheme Dewey Decimal Classification
Koha item type Reference Books
Holdings
Withdrawn status Lost status Source of classification or shelving scheme Damaged status Not for loan Collection code Home library Current library Date acquired Source of acquisition Currency Cost, normal purchase price Bill Number Total Checkouts Full call number Barcode Date last seen Copy number Actual Cost, discounted price Bill Date Koha item type
    Dewey Decimal Classification     B.Tech(CSE) PIET C-LIBRARY PIET C-LIBRARY 19/02/2020 KIRTI PRAKASHAN NEW DELHI IN Rupees 830.00 IN5960   004.6 GOD 31631 19/02/2020 1 564.40 03/01/2020 Reference Books

Design & Developed by: PIET Central Library
R70 Miles Stone Pattikalyana Samalkha Panipat 132102
mail ID :- [email protected], Phone No:- 0180-2569700 Ex.216